000 00951nam a2200253 a 4500
001 49234
003 BD-RjUL
005 20211209054643.0
008 160818s1986 xxu||||| |||| 00| 0 eng d
020 _c : Tk.6.50
035 _a(BD-RjUL)49353
040 _aBD-RjUL
_bben
_cBD-RjUL
041 _aben
082 _223
_a813
_bBAP 1968
100 1 _aবাক, পার্ল এস.
_9121998
245 1 0 _aপার্ল বাকের সেরা গল্প /
_cপার্ল এস.বাক, আবু জাফর শামসুদ্দিন
250 _a১ম সং.
260 _aঢাকা :
_bনওরোজ কিতাবিস্তান,
_c১৯৬৮.
300 _a২৭৮ পৃ ;
_c২২ সেমি
650 _aআমেরিকান উপন্যাস
_9147954
650 _aAmerican fiction
_9147955
700 _aশামসুদ্দিন, আবু জাফর
_9147956
942 _2ddc
_cBK
999 _c49234
_d49234